| 000 | 03449nam0a2200433 4500 | ||
|---|---|---|---|
| 001 | RU\NLR\bibl\1798397 | ||
| 005 | 20260408061404.0 | ||
| 010 |
_a978-5-904542-06-1 _9700 |
||
| 021 |
_aRU _b2011-52745 _93759 |
||
| 035 | _a(nilc)RSL-KNO-004971006 | ||
| 035 | _a(NLR Aleph) 001789076 | ||
| 090 |
_a1745772 _c1745772 |
||
| 100 | _a20110711d2010 |||y0rusy50 ca | ||
| 101 | 0 | _arus | |
| 102 | _aRU | ||
| 105 | _ay ||||||||| | ||
| 200 | 1 |
_aНаучно-методические аспекты учета, анализа и аудита в социальной сфере _eсборник научных работ профессорско-преподавательского состава по итогам конференции в рамках комплексной НИР "Проблемы учета, анализа и аудита в социальной сфере" _f[под ред. Свободина В. А., Гирника В. А.] |
|
| 210 |
_aМосква _cИП Глущенко Валерий Владимирович _d2010 |
||
| 215 |
_a205 с. _d21 |
||
| 300 | _aВ надзаг.: Российский гос. социальный ун-т, Фак. социального страхования, экономики и социологии труда, Каф. бухгалтерского учета и аудита | ||
| 320 | _aБиблиогр. в конце ст. | ||
| 327 | 1 | _aСодерж.: Наука и практика в высшей школе: по итогам научно-практической конференции 25 ноября 2010 г. "Актуальные проблемы учета, анализа и аудита в социальной сфере"; Методика преподавания в высшей школе: по итогам учебно-методической конференции 16 декабря 2010 г. "Совершенствование методики преподавания в высшей школе" | |
| 601 | 0 | 2 |
_aРоссийский государственный социальный университет _jСборники _xНаучно-исследовательская работа преподавателей _92110809 _3RU\NLR\auth\661579191 |
| 606 | 1 |
_aБухгалтерский учет _jСборники _yРоссийская Федерация _92073607 _3RU\NLR\auth\661248526 |
|
| 606 | 1 |
_aАудит _jСборники _yРоссийская Федерация _92075686 _3RU\NLR\auth\661250767 |
|
| 686 |
_aУ052.9(2)20я43 _2rubbk |
||
| 686 |
_aУ053.9(2)я43 _2rubbk |
||
| 686 | _aУ052.9(2)2я43 | ||
| 686 | _aЧ489.14(2Р)7е(2)л3 | ||
| 686 | _aУ052.9(2)2-218я43 | ||
| 702 | 1 |
_4340 _8rus _7ca _aСвободин _bВ. А. _gВалентин Андреевич _3RU\NLR\auth\7744343 _927284 |
|
| 711 | 1 | 2 |
_a"Актуальные проблемы учета, анализ и аудита в социальной сфере", научно-практическая конференция _f2010 _eМосква _3RU\NLR\AUTH\8810205771 _9299160 |
| 711 | 1 | 2 |
_a"Совершенствование методики преподавания в высшей школе", учебно-методическая конференция _f2010 _eМосква _3RU\NLR\AUTH\8810205773 _9299163 |
| 801 | 0 |
_aRU _bRuMoRKP _c20110711 _grcr |
|
| 801 | 1 |
_aRU _bРГБ _c20110711 |
|
| 801 | 2 |
_aRU _bNLR _c20110815 _grcr |
|
| 942 | _cBOOK | ||
| 980 | _aNB | ||